| Поле | Название | Значение |
| |
Тип записи |
a |
| |
Библиографический уровень |
m |
| 001 |
Контрольный номер |
RU\infra-m\znanium\bibl\2233243 |
| 005 |
Дата корректировки |
20260429142058.4 |
| 008 |
Кодируемые данные |
260414s2026 RU g rus u |
| 020 |
Индекс ISBN |
__ |
| a |
ISBN |
978-5-16-021642-3 |
| 020 |
Индекс ISBN |
__ |
| a |
ISBN |
978-5-16-114429-9 (электр. издание) |
| 040 |
Источник каталогиз. |
__ |
| a |
Служба первич. каталог. |
Общество с ограниченной ответственностью «ЗНАНИУМ» |
| 041 |
Код языка издания |
__ |
| a |
Код языка текста |
rus |
| 044 |
Код страны публикации |
__ |
| a |
Код страны публикации |
RU |
| 080 |
Индекс УДК |
__ |
| a |
Индекс УДК |
623.9(73)(075.8) |
| 084 |
Индекс другой классификации/Индекс ББК |
__ |
| 2 |
Источник индекса |
rubbk |
| a |
Индекс другой классификации/Индекс ББК |
68.53(7Сое)я73 |
| 084 |
Индекс другой классификации/Индекс ББК |
__ |
| 2 |
Источник индекса |
okso |
| a |
Индекс другой классификации/Индекс ББК |
26.05.01 |
| 084 |
Индекс другой классификации/Индекс ББК |
__ |
| 2 |
Источник индекса |
okso |
| a |
Индекс другой классификации/Индекс ББК |
26.05.02 |
| 084 |
Индекс другой классификации/Индекс ББК |
__ |
| 2 |
Источник индекса |
okso |
| a |
Индекс другой классификации/Индекс ББК |
26.05.03 |
| 084 |
Индекс другой классификации/Индекс ББК |
__ |
| 2 |
Источник индекса |
okso |
| a |
Индекс другой классификации/Индекс ББК |
26.05.04 |
| 084 |
Индекс другой классификации/Индекс ББК |
__ |
| 2 |
Источник индекса |
okso |
| a |
Индекс другой классификации/Индекс ББК |
26.05.05 |
| 084 |
Индекс другой классификации/Индекс ББК |
__ |
| 2 |
Источник индекса |
okso |
| a |
Индекс другой классификации/Индекс ББК |
26.05.06 |
| 084 |
Индекс другой классификации/Индекс ББК |
__ |
| 2 |
Источник индекса |
okso |
| a |
Индекс другой классификации/Индекс ББК |
26.05.07 |
| 084 |
Индекс другой классификации/Индекс ББК |
__ |
| 2 |
Источник индекса |
okso |
| a |
Индекс другой классификации/Индекс ББК |
56.04.02 |
| 084 |
Индекс другой классификации/Индекс ББК |
__ |
| 2 |
Источник индекса |
okso |
| a |
Индекс другой классификации/Индекс ББК |
56.05.01 |
| 100 |
Автор |
__ |
| a |
Автор |
Васильев А.В. |
| q |
Полное имя |
Васильев Александр Викторович |
| u |
Дополнение |
ЧЕРНОМОРСКОЕ ВЫСШЕЕ ВОЕННО-МОРСКОЕ ОРДЕНОВ НАХИМОВА и КРАСНОЙ ЗВЕЗДЫ УЧИЛИЩЕ ИМЕНИ П.С.НАХИМОВА Министерство обороны Российской Федерации |
| 245 |
Заглавие |
__ |
| a |
Заглавие |
ВМС США - современное состояние. Часть 1. Основы организации и надводный флот |
| b |
Продолж. заглавия |
Справочная литература |
| c |
Ответственность |
ЧЕРНОМОРСКОЕ ВЫСШЕЕ ВОЕННО-МОРСКОЕ ОРДЕНОВ НАХИМОВА и КРАСНОЙ ЗВЕЗДЫ УЧИЛИЩЕ ИМЕНИ П.С.НАХИМОВА Министерство обороны Российской Федерации; ЧЕРНОМОРСКОЕ ВЫСШЕЕ ВОЕННО-МОРСКОЕ ОРДЕНОВ НАХИМОВА и КРАСНОЙ ЗВЕЗДЫ УЧИЛИЩЕ ИМЕНИ П.С.НАХИМОВА Министерство обороны Российской Федерации |
| 250 |
Сведения об издании |
__ |
| a |
Основные сведения об издании |
1 |
| 260 |
Выходные данные |
__ |
| a |
Место издания |
Москва |
| b |
Издательство |
ООО "Научно-издательский центр ИНФРА-М" |
| c |
Дата издания |
2026 |
| 300 |
Физическое описание |
__ |
| a |
Объем |
115 с. |
| 440 |
Серия |
__ |
| a |
Серия |
Военное образование (ЧВВМУ им. Нахимова) |
| 520 |
Аннотация |
__ |
| a |
Аннотация |
Учебный справочник является аналитическим трудом авторского коллектива. Разработан совместно специалистами Черноморского высшего военно-морского училища имени П.С. Нахимова и Севастопольского государственного университета на основе изучения открытых официальных источников. Предназначен для абитуриентов а также для проведения занятий с курсантами и студентами специальностей «Применение и эксплуатация надводных кораблей и подводных лодок» «Стрелково-пушечное артиллерийское и ракетное оружие» «Эксплуатация и ремонт дизельных энергетических установок надводных кораблей» «Эксплуатация и ремонт электроэнергетических систем надводных кораблей» «Ведение поисковых аварийно-спасательных подъемных и водолазных работ» «Строительство ремонт и поисково-спасательное обеспечение надводных кораблей и подводных лодок» и в объеме изучения «Начальной военно-морской подготовки» «Штурманского похода» а также углубленно изучающих дисциплины «Тактика» «Корабельное вооружение» «Боевые средства флота» «Вооружение и военная техника ВМФ». Может использоваться в качестве открытого справочника по изучению тактико-технических характеристик современных образцов вооружения ВМС США использования тактических приемов применения данного оружия обобщения знаний и расширения кругозора связанных с реализацией государственных программ и проектов перевооружения в Минобороны России для преподавателей и адъюнктов по специальности 6.2.1 «Вооружение и военная техника». |
| 521 |
Примеч. о цел. назн. |
__ |
| a |
Примеч. о целев. назн. |
Профессиональное образование |
| 650 |
Тематические рубрики |
__ |
| a |
Основная рубрика |
Военное дело. Оружие. Спецслужбы |
| x |
Основная подрубрика |
Вооруженные силы зарубежных стран |
| 655 |
Указ. предметных рубрик (устаревшее) |
__ |
| a |
Жанр/ форма (устаревшее) |
Справочная литература |
| 700 |
Другие авторы |
__ |
| a |
Другие авторы |
Викулин А.И. |
| q |
Полное имя |
Викулин Андрей Игоревич |
| u |
Дополнение |
ЧЕРНОМОРСКОЕ ВЫСШЕЕ ВОЕННО-МОРСКОЕ ОРДЕНОВ НАХИМОВА и КРАСНОЙ ЗВЕЗДЫ УЧИЛИЩЕ ИМЕНИ П.С.НАХИМОВА Министерство обороны Российской Федерации |
| 700 |
Другие авторы |
__ |
| a |
Другие авторы |
Козлов В.В. |
| q |
Полное имя |
Козлов Вячеслав Владимирович |
| u |
Дополнение |
ЧЕРНОМОРСКОЕ ВЫСШЕЕ ВОЕННО-МОРСКОЕ ОРДЕНОВ НАХИМОВА и КРАСНОЙ ЗВЕЗДЫ УЧИЛИЩЕ ИМЕНИ П.С.НАХИМОВА Министерство обороны Российской Федерации |
| 700 |
Другие авторы |
__ |
| a |
Другие авторы |
Поляков А.А. |
| q |
Полное имя |
Поляков Александр Александрович |
| u |
Дополнение |
ЧЕРНОМОРСКОЕ ВЫСШЕЕ ВОЕННО-МОРСКОЕ ОРДЕНОВ НАХИМОВА и КРАСНОЙ ЗВЕЗДЫ УЧИЛИЩЕ ИМЕНИ П.С.НАХИМОВА Министерство обороны Российской Федерации |
| 700 |
Другие авторы |
__ |
| a |
Другие авторы |
Галий В.А. |
| q |
Полное имя |
Галий Валерий Анатольевич |
| u |
Дополнение |
Севастопольский государственный университет |
| 700 |
Другие авторы |
__ |
| a |
Другие авторы |
Медведь И.В. |
| q |
Полное имя |
Медведь Игорь Валерьевич |
| u |
Дополнение |
ЧЕРНОМОРСКОЕ ВЫСШЕЕ ВОЕННО-МОРСКОЕ ОРДЕНОВ НАХИМОВА и КРАСНОЙ ЗВЕЗДЫ УЧИЛИЩЕ ИМЕНИ П.С.НАХИМОВА Министерство обороны Российской Федерации |
| 856 |
Электронный адрес документа |
4_ |
| a |
Имя сервера/домена |
znanium.ru |
| m |
Помощь |
ebs_support@infra-m.ru |
| n |
Местонахождение сервера |
НИЦ ИНФРА-М |
| u |
URL |
https://znanium.ru/catalog/document?id=481279 |
| 856 |
Электронный адрес документа |
48 |
| a |
Имя сервера/домена |
znanium.ru |
| d |
Путь |
/cover/2233 |
| f |
Электронное имя |
2233243.jpg |
| q |
Тип электронного формата |
image/jpeg |
| u |
URL |
https://znanium.ru/cover/2233/2233243.jpg |
| 911 |
|
__ |
| u |
|
0030=https://znanium.ru/catalog/document?id=481279 |
| 911 |
|
__ |
| u |
|
712a=ЧЕРНОМОРСКОЕ ВЫСШЕЕ ВОЕННО-МОРСКОЕ ОРДЕНОВ НАХИМОВА и КРАСНОЙ ЗВЕЗДЫ УЧИЛИЩЕ ИМЕНИ П.С.НАХИМОВА Министерство обороны Российской Федерации |